Warrior cats Q names - Statistics

General Stats
  • This quiz has been taken 8 times
    7 since last reset
  • The average score is 7 of 11
Answer Stats
% Correct
QuailfeatherCotc
80%
QuailfeatherTbc
80%
Quailheart
60%
Quailkit
60%
Quickpaw
60%
Quick water
60%
Quietkit
60%
Quiet rain
60%
Quince
60%
Quailpaw
40%
Quickkit
40%
No matching quizzes found
Score Distribution
Percent of People with Each Score
Percentile by Number Answered
Your Score History
You have not taken this quiz since the last reset